Catálogo
 En Linea

El forestal. (Registro nro. 16198)

Detalles MARC
000 -CABECERA
campo de control de longitud fija 00531nas a2200181 a 4500
001 - NÚMERO DE CONTROL
campo de control 000016665
005 - FECHA Y HORA DE LA ÚLTIMA TRANSACCIÓN
campo de control 20200929164938.0
008 - DATOS DE LONGITUD FIJA--INFORMACIÓN GENERAL
campo de control de longitud fija 100308c19779999dr ur1p 0 0spa d
040 ## - FUENTE DE LA CATALOGACIÓN
Centro catalogador/agencia de origen DO-SdBNP
Centro/agencia transcriptor spa
043 ## - CÓDIGO DE ÁREA GEOGRÁFICA
Código de área geográfica nwdr---
245 00 - MENCIÓN DE TÍTULO
Título El forestal.
260 ## - PUBLICACIÓN, DISTRIBUCIÓN, ETC.
Lugar de publicación, distribución, etc. Santo Domingo :
Nombre del editor, distribuidor, etc. Editora Cultura Dominicana,
Fecha de publicación, distribución, etc. 1977-.
300 ## - DESCRIPCIÓN FÍSICA
Extensión v. :
Otras características físicas il. ;
Dimensiones 27 cm.
310 ## - PERIODICIDAD ACTUAL
Periodicidad actual Desconocida
362 0# - FECHAS DE PUBLICACIÓN Y/O DESIGNACIÓN SECUENCIAL
Fecha de publicación y/o designación secuencial Año 1. No. 2. (abr. 1977-)
500 ## - NOTA GENERAL
Nota general Título tomado de la cubierta
500 ## - NOTA GENERAL
Nota general Órgano Oficial de la Dirección General Forestal

No hay ítems disponibles.

Con tecnología Koha